书目信息 |
| 题名: |
西南联大行思录
|
|
| 作者: | 张曼菱 著 | |
| 分册: | ||
| 出版信息: | 北京 生活·读书·新知三联书店 2013.06 |
|
| 页数: | 425页 | |
| 开本: | 23cm | |
| 丛书名: | ||
| 单 册: | ||
| 中图分类: | G649.287.41 | |
| 科图分类: | ||
| 主题词: | 教育--各级 | |
| 电子资源: | ||
| ISBN: | 7-108-04385-8 | |
| 000 | 00593nam0 2200193 450 | |
| 001 | 1636111651 | |
| 005 | 20160331100313.15 | |
| 010 | @a7-108-04385-8@dCNY48.00 | |
| 100 | @a20160331d2013 km y0chiy0120 ea | |
| 101 | 0 | @achi |
| 102 | @aCN@b110000 | |
| 200 | 1 | @a西南联大行思录@Axi nan lian da xing si lu@f张曼菱著@Fzhang man ling zhu |
| 210 | @a北京@c生活·读书·新知三联书店@d2013.06 | |
| 215 | @a425页@d23cm | |
| 606 | 0 | @a教育@x各级 |
| 690 | @aG649.287.41@v4 | |
| 701 | 0 | @a张曼菱@Azhang man ling@4著 |
| 801 | 0 | @aCN@b大连网信软件有限公司图书馆·11@c20160331 |
| 905 | @aZUCC@dG649.287.41@eZ143 | |
| 西南联大行思录/张曼菱著.-北京:生活·读书·新知三联书店,2013.06 |
| 425页;23cm |
| ISBN 7-108-04385-8:CNY48.00 |
| ● |
| 相关链接 |
|
|
|
正题名:西南联大行思录
索取号:G649.287.41/Z143
 
预约/预借
| 序号 | 登录号 | 条形码 | 馆藏地/架位号 | 状态 | 备注 |
| 1 | 1222343 | 212223431 | 社科库409/409社科库 15排3列2层/ [索取号:G649.287.41/Z143] | 在馆 | |
| 2 | 1222344 | 212223440 | 社科库409/409社科库 15排3列2层/ [索取号:G649.287.41/Z143] | 在馆 |